000 00388nam a2200157Ia 4500
008 230711s9999||||xx |||||||||||||| ||und||
041 _aENG
082 _a4
_bHO-S
100 _aHolzner,Steven
245 0 _aSpring into PHP 5 : the smart professional choice
250 _a1st Ed.
260 _c2006
_aNew Delhi
_bPearson
300 _a340
650 _aComputer Engineering
942 _cBK
999 _c4598
_d4598